00459nam a2200181Ia 4500008004100000020001800041050001600059100002000075245003200095245002300127260001600150260001600166260000900182300001600191300002000207300001000227300004000237170918s9999 xx 000 0 und d a9789870728229 bS274gi 2012 aSayer, Marjorie 4aThe girl mechanic Wanzhou / cby Marjorie Sayer. aSingapore : bScholastic, c2012 a254 pages : billustrations ; c19cm. eScholastic Asian book award winner.